Escritores en la diplomacia mexicana. (Record no. 3481)

MARC details
000 -CABECERA
campo de control de longitud fija 00834nam a2200253 a 4500
001 - NÚMERO DE CONTROL
campo de control BRCA_3752
005 - FECHA Y HORA DE LA ÚLTIMA TRANSACCIÓN
campo de control 20190320204418.0
008 - DATOS DE LONGITUD FIJA--INFORMACIÓN GENERAL
campo de control de longitud fija 990609m19982002mx-a---##b---f000-0cspa-#
020 ## - NÚMERO INTERNACIONAL ESTÁNDAR DEL LIBRO
Número Internacional Estándar del Libro 9688105929 (t.1)
020 ## - NÚMERO INTERNACIONAL ESTÁNDAR DEL LIBRO
Número Internacional Estándar del Libro 9688106402 (t.2)
020 ## - NÚMERO INTERNACIONAL ESTÁNDAR DEL LIBRO
Número Internacional Estándar del Libro 9688106607 (t.3)
041 ## - CÓDIGO DE LENGUA
Código de lengua del texto/banda sonora o título independiente spa
044 ## - CÓDIGO DEL PAÍS DE LA ENTIDAD EDITORA/PRODUCTORA
Código MARC del país mx
050 #4 - SIGNATURA TOPOGRÁFICA DE LA BIBLIOTECA DEL CONGRESO
Número de clasificación F1205
Número de documento/Ítem .E83 1998
245 10 - MENCIÓN DE TÍTULO
Título Escritores en la diplomacia mexicana.
260 ## - PUBLICACIÓN, DISTRIBUCIÓN, ETC.
Lugar de publicación, distribución, etc. México
Nombre del editor, distribuidor, etc. Secretaría de Relaciones Exteriores
Fecha de publicación, distribución, etc. 1998-2002
300 ## - DESCRIPCIÓN FÍSICA
Extensión 3 v.
Otras características físicas il. (algunas a color), mapas
Dimensiones 31 cm.
500 ## - NOTA GENERAL
Nota general La biblioteca solo cuenta con el tomo 3
504 ## - NOTA DE BIBLIOGRAFÍA, ETC.
Nota de bibliografía, etc. Incluye referencias bibliográficas
610 24 - PUNTO DE ACCESO ADICIONAL DE MATERIA--NOMBRE DE ENTIDAD CORPORATIVA
Nombre de entidad corporativa o nombre de jurisdicción como elemento de entrada Secretaría de Relaciones Exteriores
Subdivisión de forma Biografía
Subdivisión geográfica México
9 (RLIN) 9782
650 14 - PUNTO DE ACCESO ADICIONAL DE MATERIA--TÉRMINO DE MATERIA
Término de materia o nombre geográfico como elemento de entrada Diplomáticos
Subdivisión de forma Biografía
Subdivisión geográfica México
9 (RLIN) 9783
650 14 - PUNTO DE ACCESO ADICIONAL DE MATERIA--TÉRMINO DE MATERIA
Término de materia o nombre geográfico como elemento de entrada Autores mexicanos
Subdivisión de forma Biografía
9 (RLIN) 9784
942 ## - ELEMENTOS DE PUNTO DE ACCESO ADICIONAL (KOHA)
Fuente del sistema de clasificación o colocación Library of Congress Classification
Tipo de ítem Koha Libros
Holdings
Estado de retiro Estado de pérdida Estado dañado No para préstamo Localización permanente Ubicación/localización actual Fecha de adquisición Total de préstamos Signatura topográfica completa Código de barras Fecha visto por última vez Precio válido a partir de Tipo de ítem Koha
El ejemplar forma parte de la colección y puede ser consultado según las políticas vigentes.       Biblioteca del Museo Franz Mayer (Rogerio Casas-Alatriste) Biblioteca del Museo Franz Mayer (Rogerio Casas-Alatriste) 24/09/2009   F1205 .E83 1998 01048 22/03/2019 22/03/2019 Libros